000 00592nam a2200217 i 4500
001 C2-0242801
003 PPAK
005 20180727204719.0
008 021003s1977 my a|||| ||||| | may d
040 _aPPAK
_beng
_cPPAK
_erda
082 0 4 _a959.5118
_223
090 0 0 _a959.5118
_bMIN
_dKWI
245 0 0 _aMinggu Sejarah Melaka
264 1 _aMelaka :
_bUnion Press & Co. ,
_c1977
300 _a22 pages :
_billustrations ;
_c26 cm
336 _2rdacontent
_atext
337 _2rdamedia
_aunmediated
338 _2rdacarrier
_avolume
650 1 0 _aHistoriography - Malacca.
942 _ddc
_cB
999 _c57518
_d57518